Анализ и оценка банковской деятельности (на основе отчетности, составляемой по российским и международным стандартам)

Bibliographische Detailangaben
1. Verfasser: Щербакова Г. Н. Галина Николаевна
Zusammenfassung:В книге рассмотрены вопросы методологии и методики проведения финансово-экономического анализа в кредитных организациях на основе отчетности, составляемой по российским и международным стандартам. Показана роль финансово-экономического анализа в системе управления коммерческим банком. С позиций комплексного подхода изложена методика проведения анализа финансового состояния банка (его активов, пассивов, показателей ликвидности, платежеспособности, рисков, достаточности собственного капитала, доходов, расходов, рентабельности и др.). Подробно рассмотрены вопросы анализа наиболее значимых и являющихся основными для банковской деятельности финансовых инструментов (МСФО 32 и 39). Книга рассчитана на банковских бухгалтеров и аналитиков, работников планово-экономических служб, внутренних и внешних аудиторов, других банковских специалистов, научных работников, преподавателей, аспирантов, студентов.
Sprache:Russisch
Veröffentlicht: Москва, Вершина, 2007
Schlagworte:
Format: MixedMaterials Buch
KOHA link:https://koha.lib.tpu.ru/cgi-bin/koha/opac-detail.pl?biblionumber=135119

MARC

LEADER 00000nam0a2200000 4500
001 135119
005 20231031135942.0
010 |a 9785962603858 
035 |a (RuTPU)RU\TPU\book\146448 
090 |a 135119 
100 |a 20080407d2007 km y0rusy50 ca 
101 0 |a rus 
102 |a RU 
105 |a a z 001zy 
200 1 |a Анализ и оценка банковской деятельности (на основе отчетности, составляемой по российским и международным стандартам)  |f Г. Н. Щербакова 
210 |a Москва  |a СПб.  |c Вершина  |d 2007 
215 |a 464 с.  |c ил. 
320 |a Список литературы: с. 426-428. 
330 |a В книге рассмотрены вопросы методологии и методики проведения финансово-экономического анализа в кредитных организациях на основе отчетности, составляемой по российским и международным стандартам. Показана роль финансово-экономического анализа в системе управления коммерческим банком. С позиций комплексного подхода изложена методика проведения анализа финансового состояния банка (его активов, пассивов, показателей ликвидности, платежеспособности, рисков, достаточности собственного капитала, доходов, расходов, рентабельности и др.). Подробно рассмотрены вопросы анализа наиболее значимых и являющихся основными для банковской деятельности финансовых инструментов (МСФО 32 и 39). Книга рассчитана на банковских бухгалтеров и аналитиков, работников планово-экономических служб, внутренних и внешних аудиторов, других банковских специалистов, научных работников, преподавателей, аспирантов, студентов. 
610 1 |a экономика 
610 1 |a экономический анализ 
610 1 |a банки 
610 1 |a банковская деятельность 
610 1 |a кредитные организации 
610 1 |a пассивы 
610 1 |a управление 
610 1 |a качество 
610 1 |a активы 
610 1 |a МСФО 
610 1 |a финансовая отчетность 
610 1 |a финансовый анализ 
610 1 |a финансовое состояние 
610 1 |a коммерческие банки 
610 1 |a прибыль 
610 1 |a рентабельность 
686 |a У053  |v LBC/SL-A  |2 rubbk 
686 |a У9(2)262.10  |v LBC/SL-A  |2 rubbk 
700 1 |a Щербакова  |b Г. Н.  |g Галина Николаевна 
801 1 |a RU  |b 63413507  |c 20080407  |g PSBO 
801 2 |a RU  |b 63413507  |c 20121204  |g PSBO 
942 |c BK